skbl

Dr Suryya Kumar Bhuyan Library Web-OPAC
ডঃ সূৰ্য্য
কুমাৰ ভূঞা পুথিভঁৰাল ৱেব-অ'পেক

All Research Scholars are advised to clear the annual library fees to continue using Library Resources, Remote Access, Plagiarism Test and Library Clearance.

Cotton University Book Fair 2026

Essentials of Physical Chemistry (Record no. 61576)

MARC details
000 -LEADER
fixed length control field 00597nam a2200217Ia 4500
001 - CONTROL NUMBER
control field 60441
008 - FIXED-LENGTH DATA ELEMENTS--GENERAL INFORMATION
fixed length control field 170302n2016 ii |||gr||||Z||||||465
020 ## - INTERNATIONAL STANDARD BOOK NUMBER
International Standard Book Number 9788121929783
041 ## - LANGUAGE CODE
Language code of text/sound track or separate title 465
082 ## - DEWEY DECIMAL CLASSIFICATION NUMBER
Classification number 541
100 ## - MAIN ENTRY--PERSONAL NAME
Personal name Bahl,Arun ,
Relator term Author.
245 #0 - TITLE STATEMENT
Title Essentials of Physical Chemistry
Statement of responsibility, etc. Arun Bahl, B.S.Bahl & G.D.Tuli
Medium Textual Documents
250 ## - EDITION STATEMENT
Edition statement Ist ed.
260 ## - PUBLICATION, DISTRIBUTION, ETC.
Place of publication, distribution, etc. Assam
Name of publisher, distributor, etc. S.Chand & Company Ltd.
Date of publication, distribution, etc. 2016
300 ## - PHYSICAL DESCRIPTION
Extent 1262pg:
Dimensions 23cm.
653 ## - INDEX TERM--UNCONTROLLED
Uncontrolled term Physical chemistry
653 ## - INDEX TERM--UNCONTROLLED
Uncontrolled term G-Chemisry
700 ## - ADDED ENTRY--PERSONAL NAME
Personal name Bahl,B.S.,
Relator term Author.
700 ## - ADDED ENTRY--PERSONAL NAME
Personal name Tuli, G.D.,
Relator term Author.
942 ## - ADDED ENTRY ELEMENTS (KOHA)
Source of classification or shelving scheme Dewey Decimal Classification
Koha item type Books
Holdings
Withdrawn status Lost status Damaged status Not for loan Collection Home library Current library Shelving location Date acquired Coded location qualifier Total checkouts Full call number Barcode Date last seen Copy number Price effective from Koha item type
          Dr. Suryya Kumar Bhuyan Library Dr. Suryya Kumar Bhuyan Library   02/03/2017 00000   541 Ba 147 Es 960/che 14/01/2024 1 02/03/2017 Books
          Dr. Suryya Kumar Bhuyan Library Dr. Suryya Kumar Bhuyan Library   02/03/2017 00000   541 Ba 147 Es 959/che 14/01/2024 1 02/03/2017 Books

Designed and Maintained by Team SKBL
©1901-2026

Powered by Koha